Expressions of One - Sudden Death - Statistics

General Stats
  • This quiz has been taken 247 times
  • The average score is 5 of 8
Answers on the Grid
Answers color-coded by a green-red scale on the quiz's grid according to % correct below.
1
Two
11 - 9
1 squared
0 - 1
0 + 1
Roman numeral V
3 / 3
4 + 2 / 6
1 / 1 + 1
sin 0
# of eyes of a cyclops
4 - 3 - 2 - 1
ln e
# of vertices of a circle
124 * 122 - 123 * 123
A number multiplied by its reciprocal
100 - 99 + 98 - 97 + ... - 1
# of Egyptian queens
Atomic number of H
 
Answer Stats
Answer % Correct
1
99%
0 + 1
85%
1 squared
75%
3 / 3
75%
# of eyes of a cyclops
46%
Atomic number of H
41%
A number multiplied by its reciprocal
20%
ln e
20%
No matching quizzes found
Score Distribution
Percent of People with Each Score
Percentile by Number Answered
Your Score History
You have not taken this quiz